| 000 | 01641nam a2200349 a 4500 | ||
|---|---|---|---|
| 003 | BLK | ||
| 005 | 20240618112411.0 | ||
| 008 | 180412b bul|||||r ||||||| ||bul|| | ||
| 010 | _aKNG00005720000 | ||
| 020 | _a954-07-0496-0 | ||
| 040 | _aBLK | ||
| 041 |
_aBUL _cBUL |
||
| 080 |
_aСъдоустройство. Организация на съдилищата - съдебен език, компетенция на съдилищата, видове съдълища:Конституционен, върховен, апелационен, касационен, от първа и втора инстанция, окръжен, гр _b347.97/.99 _x(497.2) _z347.97/.99(497.2) |
||
| 100 | 1 |
_aКочев, Костадин Велков _eпърви автор _9248845 |
|
| 139 |
_aКочев, Костадин Велков _bК 87 |
||
| 245 | 1 | 0 |
_aВърховен касационен съд и касационно производство _cКостадин Велков Кочев. |
| 257 | _aBGR | ||
| 260 |
_aСофия _bУнив. изд. Св. Климент Охридски _c1994 |
||
| 300 |
_a48 с. _c20 см |
||
| 380 | _a3 | ||
| 500 | _a3 065 тир. | ||
| 650 | 4 |
_aВърховен съд - България _9248846 |
|
| 650 | 7 |
_aСъдопроизводство - България _2 _9172948 |
|
| 653 | _aВърховен касационен съд | ||
| 852 |
_aЦб 180453 _bЦб |
||
| 856 | 4 |
_qpdf _u |
|
| 856 | 4 |
_qpdf _u |
|
| 942 |
_cKNG _n0 |
||
| 944 |
_aCR _c15.01.2003 _k30560 _lГеновева Генчева |
||
| 944 |
_aED _c22.08.2015 _kГеновева_Генчева |
||
| 999 |
_c4571 _d4571 |
||
| 999 | _d4571 | ||